000 01147nam a22003857a 4500
001 002647
003 armpunfd
005 20140612090711.0
008 130313e2012#xx#a##########000#0##nd#d
020 _a9789508945767
040 _aarmpunfd
_carmpunfd
080 _a347.72 N 636
100 1 0 _a Nissen, Ricardo A.
245 1 0 _aCurso de derecho societario
260 _a Buenos Aires :
_b Ad- Hoc,
_c2012.
300 _a640 p.
650 7 _a Affectio Societatis
_2LEMB
650 7 _a Capital Social
_2LEMB
650 7 _a Contratos De Cambio
_2LEMB
650 7 _a Contratos De Sociedad
_2LEMB
650 7 _a Derecho De Receso
_2LEMB
650 7 _a Derecho Societario
_2LEMB
650 7 _a Domicilio Social
_2LEMB
650 7 _a Escision
_2LEMB
650 7 _a Fusion
_2LEMB
650 7 _a Liquidacion
_2LEMB
650 7 _a Mediacion Obligatoria Ley 24573
_2LEMB
650 7 _a Razon Social
_2LEMB
650 7 _a Resolucion Social
_2LEMB
650 7 _a Sociedades De Hecho
_2LEMB
650 7 _a Sociedades Irregulares
_2LEMB
650 7 _a Transformacion
_2LEMB
942 _cLB
_2cdu
945 _aPABLO
_d2013-03-25
999 _c2536
_d233040